Ιστορικό διάγραμμα των δήμων της Ελλάδος : 1833-1912 : σχηματισμός-σύσταση-εξέλιξη-πληθυσμός-εμβλήματα
Saved in:
| Main Author: | |
|---|---|
| Format: | Book |
| Language: | Greek |
| Published: |
Αθήνα :
Μικρός Ρωμηός,
1994
|
| Edition: | Βελτ. έκδ. |
| Subjects: | |
| Tags: |
Add Tag
No Tags, Be the first to tag this record!
|
MARC
| LEADER | 00000cam a2200000 i 4500 | ||
|---|---|---|---|
| 001 | 1/99216 | ||
| 008 | 950327s1994 gre d | ||
| 020 | |a 960-85466-1-3 | ||
| 035 | |l 10011221 | ||
| 040 | |a GR-MY-UA |b gre |e aacr | ||
| 041 | 0 | |a gre | |
| 082 | 0 | |a 307.09495 | |
| 100 | 1 | |a Σκιαδάς, Ελευθέριος Γ. | |
| 245 | 1 | 0 | |a Ιστορικό διάγραμμα των δήμων της Ελλάδος : |b 1833-1912 : σχηματισμός-σύσταση-εξέλιξη-πληθυσμός-εμβλήματα / |c Ελευθέριος Γ. Σκιάδας |
| 250 | |a Βελτ. έκδ. | ||
| 260 | |a Αθήνα : |b Μικρός Ρωμηός, |c 1994 | ||
| 300 | |a 735 σ. | ||
| 500 | |a Προλογίζουν Α. Μακρυδημήτρης, Ν. Καραπιδάκης | ||
| 650 | 0 | 0 | |a Village communities |z Greece. |
| 650 | 0 | 0 | |a Cities and towns |z Greece. |
| 852 | |a INST |b LESVOS |e 19950327 |h 307.09495 ΣΚΙ |p 005100002034 |q 005100002034 |t BK |y 0 | ||
| 909 | |a Λ |b 036923 | ||
| 970 | |a ΚΑΜΑΤΣΟΥ |b ΔΕΣΠΟΙΝΑ |z 2000/01/05 | ||